| 000 | 00576nam a2200205Ia 4500 | ||
|---|---|---|---|
| 005 | 20250508162708.0 | ||
| 008 | 008 250505s9999 xx 000 0 eng d | ||
| 020 | _a81-7100-138-6 | ||
| 037 | _aTextual | ||
| 040 |
_aFEDL _beng _cFEDL |
||
| 041 |
_aeng _2eng |
||
| 084 |
_a370, BRA _qFEDL |
||
| 100 |
_aBrahma Digaraj _9773842 |
||
| 245 | 0 | _aChildren's literature and education in India | |
| 260 |
_aNew Delhi, India _bDeep and Deep Publications _c1989 |
||
| 300 | _a231p. | ||
| 650 | _aEducation | ||
| 942 |
_cTEXL _h370, BRA |
||
| 999 |
_c1378104 _d1378104 |
||